Azul / (Registro nro. 3596)

Detalles MARC
000 -LEADER
fixed length control field 00890nam a2200253Ia 4500
003 - CONTROL NUMBER IDENTIFIER
control field OSt
005 - DATE AND TIME OF LATEST TRANSACTION
control field 20250627113025.0
008 - FIXED-LENGTH DATA ELEMENTS--GENERAL INFORMATION
fixed length control field 191128s1997 ck er 000 p spa d
020 ## - INTERNATIONAL STANDARD BOOK NUMBER
International Standard Book Number 9583001090
040 ## - CATALOGING SOURCE
Original cataloging agency CO-JMCR
Transcribing agency CO-JMCR
041 ## - LANGUAGE CODE
Language code of text/sound track or separate title spa
082 04 - DEWEY DECIMAL CLASSIFICATION NUMBER
Classification number A-P
Item number DARa
100 1# - MAIN ENTRY--PERSONAL NAME
Personal name Darío, Rubén,
Dates associated with a name 1987-1916
Relator term autor
9 (RLIN) 8765
245 10 - TITLE STATEMENT
Title Azul /
Statement of responsibility, etc. Rubén Darío
250 ## - EDITION STATEMENT
Edition statement Segunda edición
260 ## - PUBLICATION, DISTRIBUTION, ETC.
Place of publication, distribution, etc. Bogotá
260 ## - PUBLICATION, DISTRIBUTION, ETC.
Name of publisher, distributor, etc. Panamericana
260 ## - PUBLICATION, DISTRIBUTION, ETC.
Date of publication, distribution, etc. 1997
300 ## - PHYSICAL DESCRIPTION
Extent 120 páginas :
Dimensions 20 cm.
490 ## - SERIES STATEMENT
Series statement Poesía letras latinoamericanas
520 ## - SUMMARY, ETC.
Summary, etc. Tanto los cuentos breves como lo poemas que el escritor nicaragüense Ruben Darío presenta en este poemario llamado Azul, giran en torno a la busqueda de un elemento que como la libertad de un elemento que como la libertad permite a la literatura americana
650 14 - SUBJECT ADDED ENTRY--TOPICAL TERM
Topical term or geographic name entry element Poesía nicaragüense
9 (RLIN) 8766
942 ## - ADDED ENTRY ELEMENTS (KOHA)
Source of classification or shelving scheme Dewey Decimal Classification
Koha item type Books
Existencias
Withdrawn status Lost status Source of classification or shelving scheme Damaged status Not for loan Home library Current library Date acquired Source of acquisition Full call number Barcode Date last seen Copy number Koha item type
    Dewey Decimal Classification     Biblioteca Pública José María del Castillo y Rada Biblioteca Pública José María del Castillo y Rada 11/28/2019 Donación A-P DARa 201807466 11/28/2019 Ej.1 Books